| 000 | 01108cam a2200349 i 4500 | ||
|---|---|---|---|
| 999 |
_c200449362 _d67574 |
||
| 001 | 200449362 | ||
| 003 | TR-AnTOB | ||
| 005 | 20240417110051.0 | ||
| 007 | ta | ||
| 008 | 220802t20192018tu |||| 000 0 tur d | ||
| 020 | _a9786058025998 | ||
| 040 |
_aTR-AnTOB _beng _erda _cTR-AnTOB |
||
| 041 | 1 |
_atur _heng |
|
| 050 | 1 | 4 |
_aPS1918 _b.H43719 2019 |
| 090 |
_aPS1918 _b.H43719 2019 |
||
| 100 | 1 |
_9137940 _aHearn, Lafcadio, _eauthor _d1850-1904 |
|
| 240 | 1 | 0 |
_aKwaidan: stories and studies of strange things. _lTurkish. |
| 245 | 1 | 0 |
_aKavaidan : _btuhaf şeylere dair hikayeler / _cLafcadio Hearn ; Türkçesi Kadir Daniş. |
| 250 | _a1. Baskı Aralık 2019 | ||
| 264 | 1 |
_aİstanbul : _bKetebe Yayınları, _c2019. |
|
| 264 | 4 | _c©2018 | |
| 300 |
_a128 pages ; _c23 cm |
||
| 336 |
_2rdacontent _atext _btxt |
||
| 337 |
_2rdamedia _aunmediated _bn |
||
| 338 |
_2rdacarrier _avolume _bnc |
||
| 490 | 0 |
_aKetebe Yayınları ; _v210 |
|
| 650 | 0 |
_aFairy tales _9117159 |
|
| 650 | 0 |
_aAmerikan edebiyatı _977588 |
|
| 700 | 1 |
_aDaniş, Kadir _etranslator _9137943 |
|
| 942 |
_2lcc _cBK |
||